[Event "Benidorm 2006 - sub2300"]
[Site "Benidorm ESP"]
[Date "2006.12.01"]
[Round "1.1"]
[White "Dutina, Dario"]
[Black "Huguet, Sergio"]
[Result "0-1"]
[WhiteElo "2298"]
[BlackElo "2131"]
[PlyCount "94"]
[EventDate "2006.12.01"]
[EventType "swiss"]
[EventRounds "9"]
[EventCountry "ESP"]
[Source "lmi"]
[SourceDate "2006.12.01"]

1. e4 d5 2. exd5 Qxd5 3. Nc3 Qa5 4. d4 Nf6 5. Nf3 Bf5 6. Bc4 e6 7. Qe2 c6 8.
Bd2 Bb4 9. Ne5 Nbd7 10. Nxd7 Kxd7 11. O-O-O Nd5 12. Ne4 Bxe4 13. Qxe4 Bxd2+ 14.
Rxd2 b5 15. Bb3 Qc7 16. a3 a5 17. Qf3 Rhf8 18. g3 b4 19. a4 Rad8 20. h4 Kc8 21.
Qd3 h5 22. Qa6+ Kb8 23. c4 Qb6 24. Qxb6+ Nxb6 25. Rhd1 Rd7 26. d5 cxd5 27. cxd5
Rc8+ 28. Kb1 Rcd8 29. d6 Nc8 30. Rc1 Nxd6 31. Rc5 Nb7 32. Rxd7 Rxd7 33. Rxh5
Rd2 34. Rg5 Rxf2 35. h5 Kc7 36. Bc4 Nd6 37. Bd3 Rd2 38. Bc2 Rd5 39. Rxd5 exd5
40. g4 f6 41. Kc1 Ne4 42. Bd1 Kd6 43. Kc2 Ke5 44. Be2 Kd4 45. Bb5 Ke3 46. Bc6
d4 47. Bb5 Nf2 0-1

[Event "Benidorm 2006 - sub2300"]
[Site "Benidorm ESP"]
[Date "2006.12.01"]
[Round "1.2"]
[White "Moran Rodriguez, Luciano"]
[Black "Mihailovs, Jurijs"]
[Result "0-1"]
[WhiteElo "2130"]
[BlackElo "2298"]
[PlyCount "86"]
[EventDate "2006.12.01"]
[EventType "swiss"]
[EventRounds "9"]
[EventCountry "ESP"]
[Source "lmi"]
[SourceDate "2006.12.01"]

1. d4 Nf6 2. c4 c5 3. Nf3 cxd4 4. Nxd4 e5 5. Nb5 d5 6. cxd5 Bc5 7. e3 O-O 8.
N5c3 Qe7 9. Be2 e4 10. Nd2 Rd8 11. Qc2 Bf5 12. a3 Nbd7 13. b4 Bd6 14. Bb2 Rac8
15. Qb3 Ne5 16. O-O Bb8 17. Rfe1 a6 18. Rad1 Neg4 19. Nf1 Qd6 20. h3 Nh2 21.
Ng3 h5 22. Nxf5 Nf3+ 23. Bxf3 Qh2+ 24. Kf1 exf3 25. gxf3 Qxh3+ 26. Ke2 Qxf5 27.
Rg1 g6 28. Rd2 h4 29. Qd1 Be5 30. Na4 Bxb2 31. Nxb2 Rc3 32. Na4 Rxa3 33. Nc5 b6
34. Nb3 Rxd5 35. Nd4 Qd7 36. Qc1 Qa4 37. Qc4 a5 38. Qc6 Qxc6 39. Nxc6 Rxd2+ 40.
Kxd2 Ra2+ 41. Kd3 Rxf2 42. bxa5 bxa5 43. Rh1 g5 0-1

[Event "Benidorm 2006 - sub2300"]
[Site "Benidorm ESP"]
[Date "2006.12.01"]
[Round "1.3"]
[White "Vrban, Mladen"]
[Black "Viela, Andre Filipe Folha"]
[Result "1-0"]
[WhiteElo "2297"]
[BlackElo "2130"]
[PlyCount "77"]
[EventDate "2006.12.01"]
[EventType "swiss"]
[EventRounds "9"]
[EventCountry "ESP"]
[Source "lmi"]
[SourceDate "2006.12.01"]

1. Nf3 Nf6 2. g3 b5 3. a4 b4 4. Bg2 Bb7 5. O-O e6 6. d3 d5 7. e4 c5 8. e5 Nfd7
9. c4 bxc3 10. bxc3 Nc6 11. Re1 Qc7 12. Na3 a6 13. Bf4 Be7 14. h4 O-O 15. Nc2
Na5 16. Ne3 c4 17. d4 Nb3 18. Ra2 Bc6 19. a5 Nxa5 20. Ng4 Rfb8 21. Nf6+ gxf6
22. exf6 Bd6 23. Bxd6 Qxd6 24. Rxa5 Nxf6 25. Ne5 Kf8 26. Qf3 Ke7 27. Qf4 Rb5
28. Rea1 Rxa5 29. Rxa5 Be8 30. Rc5 a5 31. Qg5 h6 32. Qg7 Ne4 33. Bxe4 dxe4 34.
Qxh6 Qb6 35. Qg5+ Kf8 36. Qf6 Kg8 37. Nxc4 Qb1+ 38. Kh2 e3 39. Rh5 1-0

[Event "Benidorm 2006 - sub2300"]
[Site "Benidorm ESP"]
[Date "2006.12.01"]
[Round "1.5"]
[White "Vrban, Damir"]
[Black "Taboas Rodriguez, Daniel"]
[Result "0-1"]
[WhiteElo "2130"]
[BlackElo "2296"]
[PlyCount "86"]
[EventDate "2006.12.01"]
[EventType "swiss"]
[EventRounds "9"]
[EventCountry "ESP"]
[Source "lmi"]
[SourceDate "2006.12.01"]

1. f4 d5 2. Nf3 g6 3. g3 Bg7 4. Bg2 b6 5. O-O Bb7 6. d3 Nf6 7. c3 O-O 8. Qe1
Nbd7 9. h3 c5 10. g4 Qc7 11. Qh4 d4 12. Bd2 Nd5 13. Ng5 N7f6 14. f5 h6 15. Ne4
Nxe4 16. Bxe4 g5 17. Qf2 e5 18. Qf3 dxc3 19. bxc3 c4 20. dxc4 Qxc4 21. f6 Nxf6
22. Bxb7 e4 23. Qe3 Rae8 24. Be1 Re7 25. Nd2 Qa4 26. Rxf6 Bxf6 27. Bd5 Rfe8 28.
Bb3 Qc6 29. Nf1 Rc7 30. Rc1 Rd8 31. Rd1 Rxd1 32. Bxd1 Bxc3 33. Bxc3 Qxc3 34.
Qxc3 Rxc3 35. Kg2 b5 36. Ng3 e3 37. Nf5 a5 38. Bb3 a4 39. Bd5 b4 40. Kf3 b3 41.
axb3 axb3 42. Nxh6+ Kf8 43. Bxb3 Rxb3 0-1

[Event "Benidorm 2006 - sub2300"]
[Site "Benidorm ESP"]
[Date "2006.12.01"]
[Round "1.6"]
[White "Perez, Yosvany"]
[Black "Frasquet Solbes, Elias"]
[Result "1-0"]
[WhiteElo "2293"]
[BlackElo "2127"]
[PlyCount "69"]
[EventDate "2006.12.01"]
[EventType "swiss"]
[EventRounds "9"]
[EventCountry "ESP"]
[Source "lmi"]
[SourceDate "2006.12.01"]

1. d4 d5 2. Nf3 Nf6 3. c4 c6 4. e3 Bg4 5. Nc3 e6 6. h3 Bxf3 7. Qxf3 Nbd7 8. g4
Bb4 9. cxd5 exd5 10. Bd3 O-O 11. Bd2 Re8 12. O-O Ne4 13. Bxe4 dxe4 14. Nxe4
Rxe4 15. Bxb4 Qe8 16. Rae1 a5 17. Bc3 Nf6 18. Qg2 Nd5 19. Bd2 Nb4 20. a3 Nd3
21. Rb1 Qe6 22. Bc3 Re8 23. Rbd1 Qc4 24. Rd2 Nb4 25. Ra1 Nd5 26. Bxa5 Qb3 27.
Rc1 b6 28. Bb4 Nxb4 29. axb4 Qxb4 30. Rxc6 h6 31. Rdc2 h5 32. gxh5 Kh7 33. Qg5
Qe1+ 34. Kg2 Qb1 35. Qf5+ 1-0

[Event "Benidorm 2006 - sub2300"]
[Site "Benidorm ESP"]
[Date "2006.12.01"]
[Round "1.7"]
[White "Martinez Vicente, Gregorio"]
[Black "Contreras, Henry"]
[Result "0-1"]
[WhiteElo "2125"]
[BlackElo "2293"]
[PlyCount "70"]
[EventDate "2006.12.01"]
[EventType "swiss"]
[EventRounds "9"]
[EventCountry "ESP"]
[Source "lmi"]
[SourceDate "2006.12.01"]

1. d4 Nf6 2. Nf3 e6 3. g3 b6 4. Bg2 Bb7 5. O-O Be7 6. c4 O-O 7. b3 d6 8. Bb2
Nbd7 9. Nbd2 c5 10. dxc5 bxc5 11. Qc2 a5 12. e4 e5 13. Rfe1 Ne8 14. Nf1 Nc7 15.
Ne3 Ne6 16. Nf5 Nd4 17. Nxe7+ Qxe7 18. Qd1 Nb8 19. Nd2 Bc6 20. Rb1 Na6 21. Nf1
f5 22. Bxd4 cxd4 23. Rb2 f4 24. gxf4 Rxf4 25. Ng3 Nc5 26. f3 Ne6 27. Nf5 Qf8
28. Kh1 g6 29. Ng3 Rh4 30. Rg1 Qf4 31. Bf1 Ng5 32. Rf2 Nxe4 33. Rfg2 Nc3 34.
Qd2 Bxf3 35. Qxf4 Rxf4 0-1

[Event "Benidorm 2006 - sub2300"]
[Site "Benidorm ESP"]
[Date "2006.12.01"]
[Round "1.8"]
[White "Sanz Arilla, Luis"]
[Black "Canovas Pardo, Alberto"]
[Result "1-0"]
[WhiteElo "2290"]
[BlackElo "2123"]
[PlyCount "119"]
[EventDate "2006.12.01"]
[EventType "swiss"]
[EventRounds "9"]
[EventCountry "ESP"]
[Source "lmi"]
[SourceDate "2006.12.01"]

1. d4 Nf6 2. c4 e6 3. Nf3 b6 4. g3 Bb7 5. Bg2 Bb4+ 6. Nbd2 O-O 7. O-O d5 8. Qc2
Nbd7 9. cxd5 exd5 10. a3 Bd6 11. b4 Re8 12. Re1 Ne4 13. Bb2 Qe7 14. Nf1 Qe6 15.
Rac1 Rac8 16. N1d2 Ndf6 17. Ne5 c5 18. Nxe4 dxe4 19. bxc5 bxc5 20. d5 Bxd5 21.
Nc4 Bxc4 22. Qxc4 Qxc4 23. Rxc4 Be5 24. Bxe5 Rxe5 25. Rb1 Rd8 26. Rbc1 Rc8 27.
Kf1 Kf8 28. Ra4 Rc7 29. Rcc4 e3 30. f4 Re8 31. Ra5 Rb8 32. Bf3 Rb3 33. a4 Nd7
34. Bg4 Nf6 35. Bf5 g6 36. Bc2 Rb4 37. Rcxc5 Rc4 38. Rxc4 Rxc4 39. Bd3 Rc7 40.
Kg2 Re7 41. Kf3 h5 42. h3 Ke8 43. Rc5 Kd8 44. a5 Nd7 45. Rd5 Kc7 46. Bb5 f6 47.
Rd3 g5 48. Rxd7+ Rxd7 49. Bxd7 Kxd7 50. fxg5 fxg5 51. Kxe3 Kc6 52. Kd4 Kb5 53.
e4 Kxa5 54. Kc5 Ka6 55. Kc6 Ka5 56. e5 Kb4 57. e6 a5 58. e7 a4 59. e8=Q a3 60.
Qe3 1-0

[Event "Benidorm 2006 - sub2300"]
[Site "Benidorm ESP"]
[Date "2006.12.01"]
[Round "1.10"]
[White "Urukalovic, Roman"]
[Black "Mengual Bolo, Carlos"]
[Result "1-0"]
[WhiteElo "2289"]
[BlackElo "2120"]
[PlyCount "51"]
[EventDate "2006.12.01"]
[EventType "swiss"]
[EventRounds "9"]
[EventCountry "ESP"]
[Source "lmi"]
[SourceDate "2006.12.01"]

1. e4 c5 2. Nf3 d6 3. d4 cxd4 4. Nxd4 Nf6 5. Nc3 g6 6. Be3 Bg7 7. f3 O-O 8. Qd2
Nc6 9. Bc4 Bd7 10. O-O-O Ne5 11. Bb3 Qa5 12. h4 Rfc8 13. Kb1 Nc4 14. Bxc4 Rxc4
15. Nb3 Qa6 16. h5 Be6 17. g4 Rac8 18. hxg6 fxg6 19. Bd4 b5 20. g5 b4 21. gxf6
Rxd4 22. Qxd4 Rc4 23. fxe7 Qc8 24. Qxd6 bxc3 25. Qd8+ Kf7 26. e8=Q# 1-0

[Event "Benidorm 2006 - sub2300"]
[Site "Benidorm ESP"]
[Date "2006.12.01"]
[Round "1.11"]
[White "Romero, Antonio"]
[Black "Salgado Allaria, Carlos"]
[Result "0-1"]
[WhiteElo "2119"]
[BlackElo "2288"]
[PlyCount "88"]
[EventDate "2006.12.01"]
[EventType "swiss"]
[EventRounds "9"]
[EventCountry "ESP"]
[Source "lmi"]
[SourceDate "2006.12.01"]

1. Nf3 d5 2. d4 Nf6 3. c4 e6 4. Nc3 c6 5. Bg5 h6 6. Bh4 dxc4 7. e4 g5 8. Bg3
Bb4 9. Qc2 b5 10. a3 Qa5 11. Nd2 Bb7 12. Be2 c5 13. dxc5 Bxc3 14. bxc3 Nbd7 15.
Bd6 Nxe4 16. Nxe4 Bxe4 17. Qd2 Bxg2 18. Rg1 Bc6 19. Rg3 O-O-O 20. Qe3 Nf6 21.
Bf3 Nd5 22. Bxd5 exd5 23. Kf1 Rhe8 24. Qf3 Rd7 25. Qh5 d4 26. cxd4 Qd2 27. Rd1
Qa5 28. d5 Ba8 29. Qxh6 Bxd5 30. Re3 Rxe3 31. fxe3 Bc6 32. Qh8+ Qd8 33. Qe5 Kb7
34. Kf2 g4 35. Kg3 f6 36. Qe6 Qh8 37. Kf2 Qh3 38. Ke1 Qg2 39. Qf5 Qh1+ 40. Qf1
Qe4 41. Kf2 c3 42. Re1 g3+ 43. hxg3 Rh7 44. g4 Qf3+ 0-1

[Event "Benidorm 2006 - sub2300"]
[Site "Benidorm ESP"]
[Date "2006.12.02"]
[Round "2.1"]
[White "Mihailovs, Jurijs"]
[Black "Ridameya Tatche, Jose"]
[Result "0-1"]
[WhiteElo "2298"]
[BlackElo "2169"]
[PlyCount "86"]
[EventDate "2006.12.01"]
[EventType "swiss"]
[EventRounds "9"]
[EventCountry "ESP"]
[Source "lmi"]
[SourceDate "2006.12.01"]

1. d4 Nf6 2. c4 e6 3. Nf3 d5 4. Nc3 c6 5. cxd5 exd5 6. Qc2 Be7 7. Bf4 O-O 8. e3
h6 9. Bd3 Re8 10. h3 Nbd7 11. O-O-O Bb4 12. Kb1 Bxc3 13. Qxc3 Ne4 14. Qc2 Nf8
15. g4 Ng6 16. Bh2 Qf6 17. Ne1 Bd7 18. f3 Ng5 19. f4 Ne4 20. Nf3 Qe7 21. Rhf1
Nf8 22. f5 Rac8 23. Ne5 Nh7 24. Bxe4 dxe4 25. Nc4 Qh4 26. Qe2 Qd8 27. Nd6 Nf6
28. Nxb7 Qb6 29. Nd6 Nd5 30. Qd2 Qa6 31. Nxe8 Rxe8 32. Bd6 f6 33. h4 Rc8 34.
Rg1 Be8 35. g5 fxg5 36. hxg5 hxg5 37. f6 Nxf6 38. Rxg5 c5 39. dxc5 Ba4 40. b3
Bb5 41. Qd4 Be2 42. Rd2 Re8 43. Kb2 Rd8 0-1

[Event "Benidorm 2006 - sub2300"]
[Site "Benidorm ESP"]
[Date "2006.12.02"]
[Round "2.2"]
[White "Serrano Marhuenda, Salvador"]
[Black "Vrban, Mladen"]
[Result "0-1"]
[WhiteElo "2173"]
[BlackElo "2297"]
[PlyCount "112"]
[EventDate "2006.12.01"]
[EventType "swiss"]
[EventRounds "9"]
[EventCountry "ESP"]
[Source "lmi"]
[SourceDate "2006.12.01"]

1. e4 c5 2. Nc3 a6 3. a4 Nc6 4. g3 g6 5. Bg2 Bg7 6. Nge2 e6 7. d3 Nge7 8. f4 d5
9. e5 Nf5 10. O-O h5 11. Bh3 f6 12. exf6 Bxf6 13. Bd2 b6 14. Qe1 Kf7 15. Nd1
Bb7 16. c3 b5 17. Nf2 Qb6 18. Qc1 c4 19. d4 b4 20. Bg2 b3 21. Rd1 Bc8 22. Bf3
Bd7 23. Be1 Nce7 24. h4 a5 25. Nh3 Qd8 26. Bf2 Qe8 27. Re1 Ra6 28. Ng5+ Kg7 29.
Kg2 Bxa4 30. Ng1 Bd7 31. N1h3 a4 32. Re2 Qc8 33. Qe1 Ng8 34. Qd2 Ngh6 35. Bg1
Re8 36. Kh2 Qa8 37. Qe1 Qc6 38. Rg2 Qd6 39. Qc1 Rea8 40. Re2 a3 41. bxa3 Nf7
42. Qe1 Bxg5 43. hxg5 Rxa3 44. Rxa3 Rxa3 45. g4 hxg4 46. Bxg4 Nxg5 47. Re5 Ra2+
48. Kh1 Ne4 49. Bxf5 gxf5 50. Qh4 Qf8 51. Rxe4 dxe4 52. d5 Ra1 53. Kh2 Rxg1 54.
Kxg1 b2 55. Qg3+ Kf7 56. Ng5+ Ke8 0-1

[Event "Benidorm 2006 - sub2300"]
[Site "Benidorm ESP"]
[Date "2006.12.02"]
[Round "2.3"]
[White "Bolado Saez, Sergio"]
[Black "Sanchez Jerez, Emilio"]
[Result "0-1"]
[WhiteElo "2297"]
[BlackElo "2167"]
[PlyCount "94"]
[EventDate "2006.12.01"]
[EventType "swiss"]
[EventRounds "9"]
[EventCountry "ESP"]
[Source "lmi"]
[SourceDate "2006.12.01"]

1. e4 e5 2. Nf3 Nc6 3. Bb5 a6 4. Ba4 Nf6 5. d3 b5 6. Bb3 Be7 7. a4 b4 8. a5 O-O
9. O-O d6 10. c3 Rb8 11. Nbd2 h6 12. d4 bxc3 13. bxc3 Bg4 14. d5 Na7 15. h3 Bh5
16. Ba4 c5 17. Bb3 Nb5 18. Bb2 Nh7 19. Qc2 Bg5 20. Bc4 Bf4 21. g3 Ng5 22. Kg2
Bxd2 23. Nxd2 f5 24. exf5 e4 25. g4 Nxh3 26. Kxh3 Bxg4+ 27. Kg3 Qg5 28. Nxe4
Qxf5 29. f4 Bh3 30. Rf2 Qg4+ 31. Kh2 Rf5 32. Rg1 Qh4 33. Rgg2 Rh5 34. Kg1 Bxg2
35. Rxg2 Rf8 36. Bc1 Qh1+ 37. Kf2 Na3 38. Bxa3 Rxf4+ 39. Ke3 Rhf5 40. Qe2 Rxe4+
41. Kxe4 Re5+ 42. Kf4 g5+ 43. Kf3 Rxe2 44. Bxe2 Qa1 45. Bxc5 dxc5 46. c4 Qf6+
47. Kg4 Qf4+ 0-1

[Event "Benidorm 2006 - sub2300"]
[Site "Benidorm ESP"]
[Date "2006.12.02"]
[Round "2.4"]
[White "Taboas Rodriguez, Daniel"]
[Black "Fockin, Sergey"]
[Result "0-1"]
[WhiteElo "2296"]
[BlackElo "2157"]
[PlyCount "25"]
[EventDate "2006.12.01"]
[EventType "swiss"]
[EventRounds "9"]
[EventCountry "ESP"]
[Source "lmi"]
[SourceDate "2006.12.01"]

1. d4 Nf6 2. Nf3 e6 3. c4 b6 4. Nc3 Bb7 5. Bg5 Be7 6. e3 h6 7. Bh4 Ne4 8. Bxe7
Qxe7 9. Qc2 Nxc3 10. Qxc3 O-O 11. Be2 c5 12. O-O d6 13. Rfd1 0-1

[Event "Benidorm 2006 - sub2300"]
[Site "Benidorm ESP"]
[Date "2006.12.02"]
[Round "2.8"]
[White "Varas, Carlos"]
[Black "Carrascoso Morales, Abel"]
[Result "0-1"]
[WhiteElo "2290"]
[BlackElo "2146"]
[PlyCount "64"]
[EventDate "2006.12.01"]
[EventType "swiss"]
[EventRounds "9"]
[EventCountry "ESP"]
[Source "lmi"]
[SourceDate "2006.12.01"]

1. e4 c5 2. Nf3 d6 3. d4 cxd4 4. Nxd4 Nf6 5. Nc3 g6 6. Be2 Bg7 7. O-O O-O 8.
Nb3 Nc6 9. Be3 Be6 10. f4 Qc8 11. Kh1 Rd8 12. Bf3 Bc4 13. Rf2 e6 14. Rd2 d5 15.
e5 Nd7 16. Nd4 Nxd4 17. Bxd4 Nb6 18. Qg1 Qc7 19. Re1 Bh6 20. Qe3 Ba6 21. b3 Nc8
22. Be2 Bxe2 23. Nxe2 Ne7 24. Qh3 Bg7 25. g4 Nc6 26. c3 g5 27. Qh5 gxf4 28.
Nxf4 Nxd4 29. cxd4 Qc3 30. Rdd1 Qf3+ 31. Ng2 Rdc8 32. Kg1 Rc2 0-1

[Event "Benidorm 2006 - sub2300"]
[Site "Benidorm ESP"]
[Date "2006.12.02"]
[Round "2.10"]
[White "Salgado Allaria, Carlos"]
[Black "Galarza Bilbao, Xabier"]
[Result "1-0"]
[WhiteElo "2288"]
[BlackElo "2144"]
[PlyCount "84"]
[EventDate "2006.12.01"]
[EventType "swiss"]
[EventRounds "9"]
[EventCountry "ESP"]
[Source "lmi"]
[SourceDate "2006.12.01"]

1. d4 d5 2. c4 e6 3. Nf3 Nf6 4. g3 c5 5. cxd5 exd5 6. Nc3 Nc6 7. Bg2 b6 8. O-O
Be7 9. b3 O-O 10. Bb2 Bb7 11. Rc1 Re8 12. dxc5 bxc5 13. Na4 Qa5 14. Bxf6 Bxf6
15. Nxc5 Ba6 16. Nxa6 Qxa6 17. Qxd5 Nb4 18. Qc4 Qxc4 19. Rxc4 Nxa2 20. e3 Rab8
21. Nd4 Bxd4 22. exd4 Rxb3 23. Rc7 Nc3 24. Rxa7 Kf8 25. Bc6 Rd8 26. Re1 Nb5 27.
Rae7 Nd6 28. Kg2 g6 29. d5 Kg7 30. Ra7 Kf6 31. h4 h5 32. Ree7 Rd3 33. Re2 Rd1
34. Rb2 g5 35. hxg5+ Kxg5 36. Kh3 h4 37. Rb3 Rd2 38. gxh4+ Kh5 39. Rf3 Rg8 40.
Rd7 Rg6 41. Rd8 Rd4 42. Rh8+ Rh6 1-0

[Event "Benidorm 2006 - sub2300"]
[Site "Benidorm ESP"]
[Date "2006.12.03"]
[Round "3.1"]
[White "Vrban, Mladen"]
[Black "Sanchez Botella, Luis Javier"]
[Result "0-1"]
[WhiteElo "2297"]
[BlackElo "2210"]
[PlyCount "56"]
[EventDate "2006.12.01"]
[EventType "swiss"]
[EventRounds "9"]
[EventCountry "ESP"]
[Source "lmi"]
[SourceDate "2006.12.01"]

1. g3 d5 2. Bg2 Nf6 3. b3 Bf5 4. d3 c6 5. Bb2 Nbd7 6. Nf3 e6 7. O-O Be7 8. Nbd2
O-O 9. Re1 a5 10. a4 Qb8 11. e4 Bg4 12. Bc3 Rc8 13. Qb1 Qc7 14. Ra2 b5 15. Qa1
b4 16. Bb2 Bc5 17. h3 Bxh3 18. Bxh3 Qxg3+ 19. Bg2 Bxf2+ 20. Kf1 Ng4 21. Re2 c5
22. Qc1 h5 23. Nb1 d4 24. Qd2 Be3 25. Qe1 Qf4 26. Qh4 Nde5 27. Rxe3 Nxe3+ 28.
Kf2 N3g4+ 0-1

[Event "Benidorm 2006 - sub2300"]
[Site "Benidorm ESP"]
[Date "2006.12.03"]
[Round "3.2"]
[White "Perez, Yosvany"]
[Black "Uribe Arteaga, Daniel"]
[Result "1-0"]
[WhiteElo "2293"]
[BlackElo "2202"]
[PlyCount "121"]
[EventDate "2006.12.01"]
[EventType "swiss"]
[EventRounds "9"]
[EventCountry "ESP"]
[Source "lmi"]
[SourceDate "2006.12.01"]

1. d4 Nf6 2. Nf3 d6 3. c4 Nbd7 4. Nc3 e5 5. Bg5 Be7 6. e3 c6 7. Qc2 O-O 8. Be2
a6 9. O-O b5 10. a3 Bb7 11. Rfd1 Qc7 12. h3 Rfe8 13. Rac1 Rac8 14. Qb1 Qb8 15.
dxe5 dxe5 16. Bh4 g6 17. b4 bxc4 18. Qa2 Nb6 19. Nd2 Nfd5 20. Bxe7 Rxe7 21.
Nce4 c3 22. Nb1 Nd7 23. Nbxc3 a5 24. Nxd5 cxd5 25. Rxc8+ Bxc8 26. Rxd5 axb4 27.
Rb5 Qc7 28. Rxb4 Bb7 29. Qc4 Qxc4 30. Rxc4 Ba6 31. Rc2 Bxe2 32. Rxe2 f5 33. Nd6
Re6 34. Rd2 Nb6 35. Nb5 Rc6 36. g4 Kf7 37. Rd6 Rxd6 38. Nxd6+ Ke6 39. Nb5 Kd5
40. gxf5 gxf5 41. Kg2 Kc5 42. Nc7 Kd6 43. Ne8+ Ke7 44. Ng7 Kf6 45. Nh5+ Kg5 46.
Ng3 f4 47. Ne4+ Kf5 48. Kf3 fxe3 49. fxe3 Nc4 50. a4 h6 51. h4 Ke6 52. Nc5+ Kd5
53. Nb3 e4+ 54. Kf4 Ne5 55. a5 Ng6+ 56. Kg4 Ne5+ 57. Kf5 Nc4 58. Kf4 Nd6 59.
Nd2 h5 60. a6 Kc6 61. Nxe4 1-0

[Event "Benidorm 2006 - sub2300"]
[Site "Benidorm ESP"]
[Date "2006.12.03"]
[Round "3.3"]
[White "Stubberud, Ornulf"]
[Black "Contreras, Henry"]
[Result "0-1"]
[WhiteElo "2183"]
[BlackElo "2293"]
[PlyCount "61"]
[EventDate "2006.12.01"]
[EventType "swiss"]
[EventRounds "9"]
[EventCountry "ESP"]
[Source "lmi"]
[SourceDate "2006.12.01"]

1. e4 c5 2. Nf3 d6 3. d4 cxd4 4. Nxd4 Nf6 5. Nc3 g6 6. Be3 Bg7 7. f3 O-O 8. Qd2
Nc6 9. O-O-O Bd7 10. g4 Rc8 11. h4 Ne5 12. h5 Qa5 13. hxg6 fxg6 14. Nb3 Qc7 15.
Be2 b5 16. Rdf1 b4 17. Nd1 Rf7 18. g5 Nh5 19. Rhg1 a5 20. Kb1 a4 21. Nd4 Nc4
22. Bxc4 Qxc4 23. b3 Qc7 24. Rf2 Qa5 25. Nb2 Rc3 26. Nc4 Qc7 27. Ne2 Rxc4 28.
bxc4 Qxc4 29. Qd3 Qc8 30. Bd4 e5 31. Be3 0-1

[Event "Benidorm 2006 - sub2300"]
[Site "Benidorm ESP"]
[Date "2006.12.03"]
[Round "3.4"]
[White "Leburgue, Sylvian"]
[Black "Salgado Allaria, Carlos"]
[Result "1/2-1/2"]
[WhiteElo "2179"]
[BlackElo "2288"]
[PlyCount "40"]
[EventDate "2006.12.01"]
[EventType "swiss"]
[EventRounds "9"]
[EventCountry "ESP"]
[Source "lmi"]
[SourceDate "2006.12.01"]

1. e4 Nf6 2. e5 Nd5 3. c4 Nb6 4. d4 d6 5. exd6 exd6 6. Bd3 Be7 7. Ne2 O-O 8.
O-O Re8 9. Nbc3 Nc6 10. b3 Bg4 11. Be3 Bg5 12. Qd2 Bxe3 13. fxe3 Qe7 14. e4 Nb4
15. Rae1 c5 16. a3 Nc6 17. Nd5 Qd7 18. dxc5 dxc5 19. Qg5 Kh8 20. Nf6 gxf6
1/2-1/2

[Event "Benidorm 2006 - sub2300"]
[Site "Benidorm ESP"]
[Date "2006.12.03"]
[Round "3.5"]
[White "Zuluaga, Cesar"]
[Black "Murcia Paredes, Angel"]
[Result "1-0"]
[WhiteElo "2278"]
[BlackElo "2180"]
[PlyCount "85"]
[EventDate "2006.12.01"]
[EventType "swiss"]
[EventRounds "9"]
[EventCountry "ESP"]
[Source "lmi"]
[SourceDate "2006.12.01"]

1. d4 Nf6 2. Nf3 g6 3. c4 Bg7 4. Nc3 d6 5. g3 O-O 6. Bg2 Nbd7 7. O-O e5 8. h3
Re8 9. e4 exd4 10. Nxd4 Nc5 11. Re1 a5 12. Ndb5 Bd7 13. Bg5 h6 14. Bf4 Nh5 15.
Be3 Nf6 16. Qc2 Bc6 17. f3 Qe7 18. Rad1 Na6 19. Nd4 Bd7 20. Kh2 Rab8 21. Qd2
Kh7 22. Bf2 Nh5 23. Nd5 Qd8 24. Qxa5 Qc8 25. Qd2 Nc5 26. f4 Bc6 27. Nc3 Bd7 28.
b4 Ne6 29. Ndb5 Ra8 30. Nd5 Bxb5 31. cxb5 Ra3 32. Rc1 Qd7 33. Bf1 c5 34. bxc6
bxc6 35. Nb6 Qd8 36. Nc4 Rf3 37. Bg2 Rxf2 38. Qxf2 d5 39. Red1 Bd4 40. Rxd4
Nxd4 41. Qxd4 dxc4 42. Qxc4 Re6 43. a4 1-0

[Event "Benidorm 2006 - sub2300"]
[Site "Benidorm ESP"]
[Date "2006.12.03"]
[Round "3.7"]
[White "Ridameya Tatche, Jose"]
[Black "Cappon, John"]
[Result "0-1"]
[WhiteElo "2169"]
[BlackElo "2240"]
[PlyCount "42"]
[EventDate "2006.12.01"]
[EventType "swiss"]
[EventRounds "9"]
[EventCountry "ESP"]
[Source "lmi"]
[SourceDate "2006.12.01"]

1. e4 c5 2. Nf3 e6 3. b4 cxb4 4. d4 Nf6 5. Bd3 d5 6. e5 Ne4 7. O-O Be7 8. a3
Nc6 9. axb4 Nxb4 10. Na3 O-O 11. Bb2 Bd7 12. Qe2 Nxd3 13. cxd3 Ng5 14. Ne1 f5
15. f4 Nf7 16. Nf3 b5 17. Rfc1 a5 18. Nc2 b4 19. Rab1 a4 20. Ne3 Nh6 21. Nd2
Qa5 0-1

[Event "Benidorm 2006 - sub2300"]
[Site "Benidorm ESP"]
[Date "2006.12.03"]
[Round "3.9"]
[White "Goormachtigh, Johan"]
[Black "Martin Martin, Luis Vicente"]
[Result "1-0"]
[WhiteElo "2235"]
[BlackElo "2111"]
[PlyCount "33"]
[EventDate "2006.12.01"]
[EventType "swiss"]
[EventRounds "9"]
[EventCountry "ESP"]
[Source "lmi"]
[SourceDate "2006.12.01"]

1. d4 Nf6 2. Nf3 c5 3. d5 b5 4. Bg5 Ne4 5. Bf4 d6 6. Nbd2 Qa5 7. c3 Nxd2 8.
Qxd2 g6 9. e4 Bg7 10. h3 Nd7 11. Bd3 O-O 12. O-O c4 13. Bc2 Rb8 14. Nd4 Bb7 15.
b4 Qd8 16. Nxb5 Bxd5 17. Qxd5 1-0

[Event "Benidorm 2006 - sub2300"]
[Site "Benidorm ESP"]
[Date "2006.12.03"]
[Round "3.10"]
[White "Avila Jimenez, Javier"]
[Black "Hagen Brede, Andre"]
[Result "1-0"]
[WhiteElo "2222"]
[BlackElo "2013"]
[PlyCount "52"]
[EventDate "2006.12.01"]
[EventType "swiss"]
[EventRounds "9"]
[EventCountry "ESP"]
[Source "lmi"]
[SourceDate "2006.12.01"]

1. d4 d5 2. c4 e6 3. Nc3 Be7 4. Nf3 Nf6 5. cxd5 exd5 6. Bg5 O-O 7. e3 h6 8. Bh4
b6 9. Bd3 Bb7 10. O-O Nbd7 11. Rc1 c5 12. Qe2 c4 13. Bb1 a6 14. a4 Bc6 15. Ne5
Nxe5 16. dxe5 Nd7 17. Qc2 g6 18. Bg3 Nc5 19. f4 Bh4 20. Qf2 Bxg3 21. Qxg3 Kh7
22. h4 f5 23. exf6 Qxf6 24. f5 Nd3 25. Bxd3 cxd3 26. fxg6+ Qxg6 1-0

[Event "Benidorm 2006 - sub2300"]
[Site "Benidorm ESP"]
[Date "2006.12.04"]
[Round "4.1"]
[White "Lacrosse, Marc"]
[Black "Perez, Yosvany"]
[Result "1/2-1/2"]
[WhiteElo "2238"]
[BlackElo "2293"]
[PlyCount "28"]
[EventDate "2006.12.01"]
[EventType "swiss"]
[EventRounds "9"]
[EventCountry "ESP"]
[Source "lmi"]
[SourceDate "2006.12.01"]

1. d4 d5 2. c4 dxc4 3. Nf3 Nf6 4. e3 a6 5. Bxc4 e6 6. O-O c5 7. Qe2 b5 8. Bb3
Bb7 9. a4 Nbd7 10. axb5 axb5 11. Rxa8 Qxa8 12. Nc3 b4 13. Nb5 Qa5 14. Rd1 Be7
1/2-1/2